000 00905nam a2200241Ia 4500
003 GCL
005 20240530105304.0
008 140319s9999 xx 000 0 ara d
040 _aGCL /
_cGCL
082 0 4 _a346.07
_bح و
100 1 _aحسنى المصرى
245 1 0 _aالوجيز فى الافلاس :
_bشروطه - اثاره - اجراءته - انتهاؤه - التسوية الودية - الصلح القضائى - الاتحاد - الصلح الواقى من الافلاس /
_cحسنى المصرى
260 _a[القاهرة] :
_bدار النهضة العربية ،
_c1991
300 _a336 ص
_b24 سم
650 0 4 _aالقانون
650 0 4 _aالافلاس
650 0 4 _aالقانون التجارى
650 0 4 _aالقروض
650 0 4 _aالديون
650 0 4 _aالافلاس المدنى
650 0 4 _aالافلاس المنفعل
942 _2ddc
_cBK
999 _c54639
_d54639